MARC details
| 000 -CABECERA |
| campo de control de longitud fija |
01529nam a2200181 a 4500 |
| 001 - NÚMERO DE CONTROL |
| campo de control |
000047916 |
| 005 - FECHA Y HORA DE LA ÚLTIMA TRANSACCIÓN |
| campo de control |
20240313073817.0 |
| 008 - DATOS DE LONGITUD FIJA--INFORMACIÓN GENERAL |
| campo de control de longitud fija |
181004s1993 dr ac 000 m spa d |
| 040 ## - FUENTE DE LA CATALOGACIÓN |
| Centro catalogador/agencia de origen |
DO-SdBNP |
| Lengua de catalogación |
spa |
| Centro/agencia transcriptor |
BNPHU |
| 082 ## - NÚMERO DE LA CLASIFICACIÓN DECIMAL DEWEY |
| Número de clasificación |
xxxx |
| Número de documento/Ítem |
R621e |
| 100 1# - ENTRADA PRINCIPAL--NOMBRE DE PERSONA |
| Nombre de persona |
Rivera, Otto |
| 9 (RLIN) |
75477 |
| 245 10 - MENCIÓN DE TÍTULO |
| Título |
Educación de la voz : |
| Resto del título |
mejore su léxico, dicción-fluidez, entonación / |
| Mención de responsabilidad, etc. |
Otto Orlando Rivera Sánchez prólogo Lipe Collado. |
| 260 ## - PUBLICACIÓN, DISTRIBUCIÓN, ETC. |
| Lugar de publicación, distribución, etc. |
Santo Domingo : |
| Nombre del editor, distribuidor, etc. |
Editora Panamericana, |
| Fecha de publicación, distribución, etc. |
1993. |
| 300 ## - DESCRIPCIÓN FÍSICA |
| Extensión |
161 p. : |
| Otras características físicas |
il., retrs. ; |
| Dimensiones |
21 cm. |
| 505 0# - NOTA DE CONTENIDO CON FORMATO |
| Nota de contenido con formato |
A manera de prólogo -- |
| Título |
Semblanza del autor -- |
| -- |
Motivación -- |
| -- |
Sonido oral -- |
| -- |
Sistema de fonación -- |
| -- |
La laringe -- |
| -- |
La voz -- |
| -- |
Tono -- |
| -- |
Decálogo para el cuidado de la voz -- |
| -- |
El comentarista del disco (Disc Jockey) -- |
| -- |
Locutor de cabina -- |
| -- |
Improvisación. Maestría de ceremonias -- |
| -- |
Hágase de su estilo propio -- |
| -- |
Respiración: útiles recomendaciones -- |
| -- |
Agilidad en la lectura -- |
| -- |
Ejercicios: trabalenguas, declamaciones -- |
| -- |
La buena expresión. Recomendaciones -- |
| -- |
Frente a la cámara de televisión -- |
| -- |
Diez reglas para la entrevista radial -- |
| -- |
El micrófono -- |
| -- |
Al hablar por el micrófono -- |
| -- |
De los timbres básicos -- |
| -- |
Hablar bien -- |
| -- |
Pronunciación de las consonantes -- |
| -- |
Vocabulario -- |
| -- |
Terminología -- |
| -- |
Los artistas -- |
| -- |
El actor -- |
| -- |
El orador -- |
| -- |
Pensamientos universales -- |
| -- |
Prominentes de la buena expresión -- |
| -- |
Dignatarios y representativos -- |
| -- |
Diez normas para triunfar en la vida. |
| 590 ## - NOTA LOCAL (RLIN) |
| Nota local |
Inventariado, 2019/LP |
| 700 1# - PUNTO DE ACCESO ADICIONAL--NOMBRE DE PERSONA |
| Nombre de persona |
Collado, Lipe, |
| Fechas asociadas al nombre |
1947- |
| Término indicativo de función/relación |
pról. |
| 9 (RLIN) |
79819 |